La responsabilidad patrimonial del Estado legislador por la vulneración del ordenamiento comunitario (Registro nro. 305015)
[ vista simple ]
| 000 -ENCABEZADO | |
|---|---|
| Número de control [NR] | 01100cam a2200289Mc 4500 |
| 005 - FECHA Y HORA DE LA ÚLTIMA TRANSACCIÓN | |
| control field | 20161123144213.0 |
| 008 - DE LONGITUD FIJA DE DATOS DE ELEMENTOS - INFORMACIÓN GENERAL | |
| Elementos de longitud fija [NR] | 161123s2014 sp fr 000 0 spa d |
| 020 ## - NUMERO INTERNACIONAL NORMALIZADO PARA LIBROS [R] | |
| Número Internacional Normalizado del libro [NR] | 9788490596425 |
| 020 ## - NUMERO INTERNACIONAL NORMALIZADO PARA LIBROS [R] | |
| Número Internacional Normalizado del libro [NR] | 8490596425 |
| 035 ## - NUMERO DE CONTROL DEL SISTEMA [R] | |
| Número de control del sistema [NR] | (OCoLC)892891426 |
| 040 ## - FUENTE DE CATALOGACION [NR] | |
| Agencia de catalogación original [NR] | CO-BoUCM |
| Idioma de catalogación [NR] | spa |
| Quien Cataloga | Sandra Palacio |
| Quien Clasifica | Sandra Palacio |
| 041 0# - CODIGO DE IDIOMA [R] | |
| Código de idioma para texto/pista de sonido o título separado [R] | Español |
| 100 1# - ASIENTO PRINCIPAL--NOMBRE PERSONAL [NR] | |
| Nombre personal [NR] | Calvo Vérgez, Juan |
| ID Autoridad | 82043 |
| 245 13 - MENCION DE TITULO [NR] | |
| Título [NR] | La responsabilidad patrimonial del Estado legislador por la vulneración del ordenamiento comunitario |
| Mención de responsabilidad, etc. [NR] | Juan Calvo Vérgez |
| 260 ## - PUBLICACION, DISTRIBUCION, ETC. (PIE DE IMPRENTA) [R] | |
| Lugar de publicación, distribución, etc. [R] | Cizur Menor (Navarra, España) |
| Nombre del editor, distribuidor, etc. [R] | Thomson Reuters-Aranzadi |
| Fecha de publicación, distribución, etc. [R] | 2014 |
| 300 ## - DESCRIPCION FISICA [R] | |
| Extensión [R] | 201 páginas |
| 490 0# - MENCION DE SERIE [R] | |
| Mención de serie [R] | Cuadernos Aranzadi de jurisprudencia tributaria |
| Designación numérica/secuencial del volumen [NR] | 74 |
| 490 0# - MENCION DE SERIE [R] | |
| Mención de serie [R] | Aranzadi. Doctrina |
| 504 ## - NOTA DE BIBLIOGRAFIA, ETC. [R] | |
| Nota de bibliografía, etc. [NR] | Incluye referencias bibliográficas |
| 650 17 - ASIENTO SECUNDARIO DE MATERIA - TERMINO TEMATICO [R] | |
| Término temático o nombre geográfico como elemento de entrada [NR] | Estado |
| Subdivisión general [R] | Responsabilidad |
| 9 (RLIN) | 82044 |
| 650 27 - ASIENTO SECUNDARIO DE MATERIA - TERMINO TEMATICO [R] | |
| Término temático o nombre geográfico como elemento de entrada [NR] | Asesoría jurídica |
| 9 (RLIN) | 82045 |
| 650 27 - ASIENTO SECUNDARIO DE MATERIA - TERMINO TEMATICO [R] | |
| Término temático o nombre geográfico como elemento de entrada [NR] | Derecho de integración |
| 9 (RLIN) | 12739 |
| 650 27 - ASIENTO SECUNDARIO DE MATERIA - TERMINO TEMATICO [R] | |
| Término temático o nombre geográfico como elemento de entrada [NR] | Responsabilidad del Estado |
| Subdivisión geográfica [R] | España |
| 9 (RLIN) | 82046 |
| 690 ## - ASUNTO AGREGADO LOCAL DE ENTRADA - TÉRMINO TEMÁTICO (OCLC, RLIN) | |
| Acceso temático local | Derecho administrativo |
| 9 (RLIN) | 12695 |
| 942 ## - ELEMENTOS DE ENTRADA AGREGADOS (KOHA) | |
| Sistema de clasificación | DEWEY |
| Tipo de ítem principal el descrito en 300a | Libro |
| Tema principal | Derecho |
| Edición | 1 |
| Clasificación | 342.088 |
| Parte restante de la signatura top. | C169rp |
| Fecha de último préstamo | Total préstamos | Total Renewals | Signatura topográfica | Código de barras | Última vez visto | Ejemplar | Costo de reposición | Price effective from | Tipo de ítem | Perdido | Sistema de clasificación | Dañado | No prestable | Tipo de ítem específico | Suprimido | Ubicación habitual | Ubicación actual | Localización | Fecha de creación | Proveedor | Forma de adquisición | Costo |
|---|---|---|---|---|---|---|---|---|---|---|---|---|---|---|---|---|---|---|---|---|---|---|
| 08/06/2018 | 6 | 15 | 342.088 C169rp | 100151688 | 08/06/2024 | Ej.1 | 192491.00 | 15/11/2016 | Libro | DEWEY | Libro | Bodega | Bodega | 3er piso | 15/11/2016 | 37 | Compra | 192491.00 |